Online
Catalog

Coopnama. (Record no. 36806)

MARC details
000 -CABECERA
campo de control de longitud fija 00522nas a2200181 a 4500
001 - NÚMERO DE CONTROL
campo de control 000037316
005 - FECHA Y HORA DE LA ÚLTIMA TRANSACCIÓN
campo de control 20200930080303.0
008 - DATOS DE LONGITUD FIJA--INFORMACIÓN GENERAL
campo de control de longitud fija 120323c20119999dr mr1p dd 0 0spa d
040 ## - FUENTE DE LA CATALOGACIÓN
Centro catalogador/agencia de origen DO-SdBNP
Lengua de catalogación spa
Centro/agencia transcriptor BNPHU
043 ## - CÓDIGO DE ÁREA GEOGRÁFICA
Código de área geográfica nwdr
110 2# - ENTRADA PRINCIPAL--NOMBRE DE ENTIDAD CORPORATIVA
Nombre de entidad corporativa o nombre de jurisdicción como elemento de entrada Cooperativa Nacional de Servicios Multiples de los Maestros
9 (RLIN) 63774
245 00 - MENCIÓN DE TÍTULO
Título Coopnama.
260 ## - PUBLICACIÓN, DISTRIBUCIÓN, ETC.
Lugar de publicación, distribución, etc. Santo Domingo :
Nombre del editor, distribuidor, etc. Coopnama.
300 ## - DESCRIPCIÓN FÍSICA
Extensión v.- :
Otras características físicas il. ;
Dimensiones 29 cm.
310 ## - PERIODICIDAD ACTUAL
Periodicidad actual Mensual
362 1# - FECHAS DE PUBLICACIÓN Y/O DESIGNACIÓN SECUENCIAL
Fecha de publicación y/o designación secuencial 1 de marzo, 2011
500 ## - NOTA GENERAL
Nota general Catalogación basada en : 1 de marzo, 2011

No items available.

Powered by Koha